| 000 | 00507 a2200169 4500 | ||
|---|---|---|---|
| 003 | OSt | ||
| 005 | 20231123140526.0 | ||
| 008 | 231123b |||||||| |||| 00| 0 eng d | ||
| 020 | _a9789384294816 | ||
| 040 | _coclc | ||
| 082 |
_a547 _bMIT/R |
||
| 100 |
_aMitra, Asok Kumar _99938 |
||
| 245 |
_aReactions,Reagents and synthesis in Organic Chemistry / _cAsok Kumar Mitra |
||
| 260 |
_aKolkata: _bBooks and allied, _c2016 |
||
| 300 | _a398p | ||
| 942 |
_2ddc _cBK _h547 _iMIT/R _k547 _mMIT/R |
||
| 999 |
_c41880 _d41880 |
||